000
00262nam a2200097Ia 4500
001
1041578
005
20250826232044.0
008
250824s9999 xx 000 0 und d
245
0
_a
SORULARLA OSMANLI İMPAROTORLUĞU
_c
ERHAN AFYONCU
260
_b
YEDİTEPE YAYINLARI
999
_c
1041578
_d
1041578